000 00569pam a2200193 a 4500
001 1913737
005 20241127144630.0
008 850306s1986 maua 001 0 eng
020 _a0205084168 :
_c$38.75
050 0 0 _aQD31.2
_b.C39 1986
082 0 0 _a540
_219
245 0 0 _aChemistry /
_cRonald J. Gillespie ... [et al.].
260 _aBoston :
_bAllyn and Bacon,
_cc1986.
300 _axviii, 891, [26] p. :
_bill. (some col.) ;
_c26 cm.
500 _aIncludes index.
650 0 _aChemistry.
700 1 _aGillespie, Ronald J.
_q(Ronald James)
942 _2lcc
_cBK
_n0
999 _c1627
_d1627